000
003190000a22001450004500
001
005231
003
MACL
040
_a
MACL
090
_c
17224
_d
17223
245
_a
Dil Gudaaz
_b
Sharar Molvi Ab.Haleem
260
_a
Dil Gudaaz Press Lucknow,
_c
1917
350
_a
0.12
650
_a
Urdu Literature
942
_k
891
_c
Book
999
_c
17113
_d
17113